00459cam a22001217a 4500008003800000082001500038245004100053260005800094500005400152650002600206999001900232952008600251180718b-- xxu||||| |||| 00| 0 eng d aA75 P969FI aPunjab district gazetteers: Firozpur aChandigarhbRevenue and Rehabilitation Departmentc-- aLibrary has 1935, 1983, 1999 (supplement to 1983) aFirozpur - Gazetteers c388075d388075 00104070aIIPAbIIPAd2001-08-02oA75 P969FIp27770r2018-07-21w2018-07-21yBK